MARC details
| 000 -LEADER |
| fixed length control field |
01731cam a2200505 a 4500 |
| 001 - CONTROL NUMBER |
| control field |
21570 |
| 003 - CONTROL NUMBER IDENTIFIER |
| control field |
VRT |
| 005 - DATE AND TIME OF LATEST TRANSACTION |
| control field |
20260305091259.0 |
| 008 - FIXED-LENGTH DATA ELEMENTS--GENERAL INFORMATION |
| fixed length control field |
240318s2015 xr a b 000 f slo |
| 015 ## - NATIONAL BIBLIOGRAPHY NUMBER |
| National bibliography number |
SNBZSA2016/11 |
| 020 ## - INTERNATIONAL STANDARD BOOK NUMBER |
| International Standard Book Number |
9788072437900 |
| Qualifying information |
(viazané) |
| 035 ## - SYSTEM CONTROL NUMBER |
| System control number |
494B2967-84D7-4162-B4E4-12BBDE4C9B43 |
| 035 ## - SYSTEM CONTROL NUMBER |
| System control number |
urn:nbn:sk:snk-amth9c |
| 035 ## - SYSTEM CONTROL NUMBER |
| System control number |
urn:nbn:sk:snk-am00bsdl |
| 039 #9 - LEVEL OF BIBLIOGRAPHIC CONTROL AND CODING DETAIL [OBSOLETE] |
| Level of rules in bibliographic description |
202403251933 |
| Level of effort used to assign nonsubject heading access points |
AUTHORITY |
| Level of effort used to assign subject headings |
202403251917 |
| Level of effort used to assign classification |
AUTHORITY |
| Level of effort used to assign subject headings |
202403251911 |
| Level of effort used to assign classification |
AUTHORITY |
| Level of effort used to assign subject headings |
202403251904 |
| Level of effort used to assign classification |
AUTHORITY |
| 040 ## - CATALOGING SOURCE |
| Original cataloging agency |
PPPK |
| Language of cataloging |
slo |
| Transcribing agency |
PPPK |
| Modifying agency |
SNK |
| Description conventions |
AACR2 |
| 041 1# - LANGUAGE CODE |
| Language code of text/sound track or separate title |
slo |
| Language code of original |
cze |
| 044 ## - COUNTRY OF PUBLISHING/PRODUCING ENTITY CODE |
| MARC country code |
xr |
| ISO country code |
CZ |
| 072 #7 - SUBJECT CATEGORY CODE |
| Subject category code |
821.162.3 |
| Subject category code subdivision |
Česká literatúra |
| Source |
konspekt |
| 072 #7 - SUBJECT CATEGORY CODE |
| Subject category code |
821-93 |
| Subject category code subdivision |
Literatúra pre deti a mládež (beletria) |
| Source |
konspekt |
| 080 ## - UNIVERSAL DECIMAL CLASSIFICATION NUMBER |
| Universal Decimal Classification number |
821.162.3-32 |
| Edition identifier |
2011 |
| 080 ## - UNIVERSAL DECIMAL CLASSIFICATION NUMBER |
| Universal Decimal Classification number |
82-93-053.2 |
| Edition identifier |
2011 |
| 100 1# - MAIN ENTRY--PERSONAL NAME |
| Personal name |
Lebeda, Jan, |
| Dates associated with a name |
1936- |
| Relationship |
aut |
| 245 10 - TITLE STATEMENT |
| Title |
Rozprávky škriatka Medovníčka |
| Statement of responsibility, etc. |
Jan Lebeda ; ilustrácie Zděnka Študlarová ; [z českého originálu ... preložila Janka Štefková] |
| 250 ## - EDITION STATEMENT |
| Edition statement |
Vydanie prvé |
| 260 ## - PUBLICATION, DISTRIBUTION, ETC. |
| Place of publication, distribution, etc. |
Praha |
| Name of publisher, distributor, etc. |
Brána |
| Date of publication, distribution, etc. |
2015 |
| 300 ## - PHYSICAL DESCRIPTION |
| Extent |
114 s. |
| Other physical details |
ilustr. |
| Dimensions |
23 cm |
| 655 #7 - INDEX TERM--GENRE/FORM |
| Genre/form data or focus term |
české príbehy |
| Source of term |
SNKPH |
| 655 #7 - INDEX TERM--GENRE/FORM |
| Genre/form data or focus term |
publikácie pre deti |
| Source of term |
SNKPH |
| 655 #7 - INDEX TERM--GENRE/FORM |
| Genre/form data or focus term |
Czech stories |
| Source of term |
SNKPHeng |
| 655 #7 - INDEX TERM--GENRE/FORM |
| Genre/form data or focus term |
Children's literature |
| Source of term |
SNKPHeng |
| 700 1# - ADDED ENTRY--PERSONAL NAME |
| Personal name |
Študlarová, Zdeňka, |
| Dates associated with a name |
1972- |
| Relationship |
ill |
| 700 1# - ADDED ENTRY--PERSONAL NAME |
| Personal name |
Štefková, Janka, |
| Dates associated with a name |
1977-2023 |
| Relationship |
trl |
| 910 ## - USER-OPTION DATA (OCLC) |
| User-option data |
pppk |
| 910 ## - USER-OPTION DATA (OCLC) |
| User-option data |
sllk |
| 910 ## - USER-OPTION DATA (OCLC) |
| User-option data |
bjkdg |
| 910 ## - USER-OPTION DATA (OCLC) |
| User-option data |
skpk |
| 910 ## - USER-OPTION DATA (OCLC) |
| User-option data |
totk |
| 910 ## - USER-OPTION DATA (OCLC) |
| User-option data |
vthk |
| 910 ## - USER-OPTION DATA (OCLC) |
| User-option data |
hevk |
| 910 ## - USER-OPTION DATA (OCLC) |
| User-option data |
pokpoh |
| 910 ## - USER-OPTION DATA (OCLC) |
| User-option data |
snk |
| 942 ## - ADDED ENTRY ELEMENTS (KOHA) |
| Source of classification or shelving scheme |
Dewey Decimal Classification |
| Koha item type |
Krásna literatúra pre deti |
| Suppress in OPAC |
No |
| 949 ## - LOCAL PROCESSING INFORMATION (OCLC) |
| 6 |
17A1215843 |
| a |
snkSC 171784 |
| b |
snk2016/23666 |
| o |
Vydavatelství a nakladatelství Aleš Čeněk81-ah/27Int. č. fa – 65/2016 |
| s |
6100:20161207 |